| 000 | 00736cam a22002771 4500 | ||
|---|---|---|---|
| 999 |
_c5100 _d5100 |
||
| 001 | 7951042 | ||
| 003 | GBCCL | ||
| 005 | 20241126110533.0 | ||
| 008 | 730327s1959 nyua 000 0 eng | ||
| 010 | _a 59016241 | ||
| 020 | _a0151504407 | ||
| 035 | _a(OCoLC)588295 | ||
| 040 |
_aDLC _cOYesA _dOCoLC _dDLC |
||
| 042 | _apremarc | ||
| 050 | 0 | 0 |
_aRJ216 _b.D35 1959 |
| 082 |
_a618.24 _bDAV |
||
| 100 | 1 |
_aDavis, Adelle. _99196 |
|
| 245 | 1 | 0 | _aLet's have healthy children. |
| 250 | _aRev. ed. | ||
| 260 |
_aNew York, _bHarcourt, Brace _c[1959] |
||
| 300 |
_a314 p. _billus. _c22 cm. |
||
| 650 | 0 |
_aInfants _xNutrition. _99197 |
|
| 650 | 0 |
_aPregnancy. _99198 |
|
| 906 |
_a7 _bcbc _coclcrpl _du _encip _f19 _gy-gencatlg |
||
| 942 |
_2ddc _cBK |
||